Cantos de la nueva resistencia española (Record no. 171063)

MARC details
000 -LEADER
campo de control de longitud fija 00874nam a2200241 i 4500
001 - NÚMERO DE CONTROL
campo de control 171063
003 - IDENTIFICADOR DE NÚMERO DE CONTROL
campo de control ES-MaACL
005 - FECHA Y HORA DE LA ÚLTIMA TRANSACCIÓN
campo de control 20230906214529.0
008 - DATOS DE LONGITUD FIJA--INFORMACIÓN GENERAL
campo de control de longitud fija 090424s1963 uy g |||| | spa d
080 ## - NÚMERO DE LA CLASIFICACIÓN DECIMAL UNIVERSAL
Número de la Clasificación Decimal Universal 398.87:32(46)"1939/61"
245 00 - MENCIÓN DEL TÍTULO
Título Cantos de la nueva resistencia española
Resto del título : 1939-1961 /
Mención de responsabilidad, etc. Sergio Liberovici, Michele L. Straniero ; con la colaboración de Margot Galante Garrone.
250 ## - MENCION DE EDICION
Mención de edición 1ª ed.
260 ## - PUBLICACIÓN, DISTRIBUCIÓN, ETC.
Lugar de publicación, distribución, etc. Montevideo :
Nombre del editor, distribuidor, etc. El Siglo Ilustrado,
Fecha de publicación, distribución, etc. 1963.
300 ## - DESCRIPCIÓN FÍSICA
Extensión XLI, [76] p. :
Otras características físicas mús. ;
Dimensiones 19 cm.
490 1# - MENCIÓN DE SERIE
Mención de serie Poesía
650 #4 - PUNTO DE ACCESO ADICIONAL DE MATERIA--TÉRMINO DE MATERIA
Término de materia o nombre geográfico como elemento de entrada Canciones políticas españolas.
9 (RLIN) 139933
650 04 - PUNTO DE ACCESO ADICIONAL DE MATERIA--TÉRMINO DE MATERIA
Término de materia o nombre geográfico como elemento de entrada Canciones españolas-
Subdivisión cronológica S.XX.
9 (RLIN) 10726
700 1# - ENTRADA AGREGADA--NOMBRE PERSONAL
Nombre de persona Liberovici, Sergio.
9 (RLIN) 139934
700 1# - ENTRADA AGREGADA--NOMBRE PERSONAL
Nombre de persona Straniero, Michele L.
9 (RLIN) 139935
830 0# - PUNTO DE ACCESO ADICIONAL DE SERIE-TÍTULO UNIFORME
Título uniforme Poesía
9 (RLIN) 177794
852 ## - LOCALIZACIÓN
Ubicación ES-MaACL
Número de control de estantería E-12609
Nota libre . - Biblioteca Jacinto Martínez Lacalle
Holdings
Estatus retirado Estado de pérdida Estado de daño No para préstamo Biblioteca de origen Biblioteca actual Ubicación en estantería Fecha de adquisición Fuente de adquisición Total de préstamos Signatura topográfica completa Código de barras Visto por última vez Precio de reemplazo Tipo de ítem Koha
        Biblioteca del Ateneo de Madrid Biblioteca del Ateneo de Madrid Depósito 2 24/04/2009     E-12609 1179527 23/02/2023 23/02/2023 Libro impreso